Mega Book Titles! Quiz Stats

 Plays Quiz Updated Jul 1, 2013

Challenge
Share
Tweet
Embed
Score 0/20 Timer 05:00
0 Plays Today
Mega-Title Author % Correct
The Bleak Christmas Expectations of Oliver DroodCharles Dickens
94.4%
Giant Chocolate Twits and the Elevator WitchesRoald Dahl
88.6%
The Arms of the Old Man Rises in the StreamErnest Hemingway
85.5%
The Mysterious Murder Mystery of Murders and Express Death of the DeadAgatha Christie
81%
Stone the Casual Prisoner Through the Half-Fire ChamberJ.K. Rowling
81%
Dubious Cannery Mice Moon Charley GrapesJohn Steinbeck
74.3%
The Great Battle of the Horse Boy and the Magician’s Wardrobe PrinceC.S. Lewis
73.4%
The Butter Sneetches Stole McElligot’s 500 Green SocksDr. Seuss
72.5%
The Runaway Brethren Kill the King of Pelican PizzaJohn Grisham
60.5%
The Invisible Doctor and the War of the Sleeper MachineH.G. Wells
58.6%
Mega-Title Author % Correct
The Stranger Adventures of the Connecticut Pauper Claimant AbroadMark Twain
58.1%
Gordon Claiborne Eyes Lisey’s Needful TommyknockersStephen King
55.4%
The Soldier’s Fury As I Light Dust MosquitoesWilliam Faulkner
49.1%
The Return of the Obscure Mayor of the Madding TreeThomas Hardy
36.9%
The Wicked Whale Comes for Martian WineRay Bradbury
29.1%
The Miserable Austere Vile Hostile Grim Carnivorous RoomLemony Snicket
27.1%
Return to Hawaii Poland Texas Alaska Chesapeake SpaceJames Michener
24.8%
The 158-Pound Meany Man Rules the Circus BearsJohn Irving
22.3%
The Executioner’s Naked Deer Don’t DanceNorman Mailer
16.2%
The Complaint of the Great Communist Ghost BreastPhilip Roth
14.9%

You're not logged in!

Compare scores with friends on all Sporcle quizzes.
Join for Free
OR
Log In

You Might Also Like...

Show Comments

Extras

Top Quizzes Today


Score Distribution

Your Account Isn't Verified!

In order to create a playlist on Sporcle, you need to verify the email address you used during registration. Go to your Sporcle Settings to finish the process.

Report this User

Report this user for behavior that violates our Community Guidelines.

Details: